Estatísticas para Artistas e suas Obras

Clique aqui para jogar o quiz

Estatísticas Gerais

  • Esse quiz foi jogado 137 vezes
  • A pontuação média é 5 de 14

Estatísticas das Respostas

Resposta% Correto
Leonardo DaVinci
94%
Vincent Van Gogh
78%
Pablo Picasso
75%
Michelângelo
71%
Claude Monet
62%
Edvard Munch
44%
Sandro Botticelli
27%
Auguste Renoir
20%
Diego Velázquez
14%
Johannes Vermeer
12%
Rafael Sanzio
9%
Grant Wood
7%
Tarsila do Amaral
5%
Paul Cézanne
4%

Distribuição das Pontuações

Percentil de Números Respondidos

Porcentagem de Pessoas com Cada Pontuação

Sua Pontuação Histórica

Você não jogou esse quiz